Financial accounting: an events approach (Record no. 35741)

MARC details
000 -LEADER
fixed length control field 00362nam a2200145Ia 4500
008 - FIXED-LENGTH DATA ELEMENTS--GENERAL INFORMATION
fixed length control field 230917s9999||||xx |||||||||||||| ||und||
040 ## - CATALOGING SOURCE
-- 72892
Original cataloging agency VIVEKANANDA LIBRARY
041 ## - Language
-- English
082 ## - DDC NUMBER
Classification number 657.48 S69F
100 ## - MAIN ENTRY--PERSONAL NAME
Personal name Schrader, William J
245 #0 - TITLE STATEMENT
Title Financial accounting: an events approach
260 ## - PUBLICATION, DISTRIBUTION, ETC. (IMPRINT)
Place of publication, distribution, etc Texas
Name of publisher, distributor, etc Dame
Date of publication, distribution, etc 1981
300 ## - PHYSICAL DESCRIPTION
Pages xii, 324 p.
942 ## - ADDED ENTRY ELEMENTS (KOHA)
Koha item type Books
Holdings
Withdrawn status Lost status Damaged status Not for loan Location (home branch) Sublocation or collection (holding branch) Date acquired Koha issues (times borrowed) Koha full call number Accession No. Koha date last seen Koha item type
        VIVEKANANDA LIBRARY VIVEKANANDA LIBRARY 11/02/2003   657.48 S69F 101100 17/09/2023 Books
© Designed and Maintained by Vivekananda Library, MDU Rohtak